Karviná Ph.D. Conference on Business and Economics Proceedings of 14th International Scientific Conference : November 7 - 8, 2024, Horní Lomná, Czech Republic

Saved in:
Bibliographic Details
Corporate Author: Karviná Ph.D. Conference on Business and Economics. International Scientific Conference
Format: Book
Language:English
Published: Karviná Silesian University in Opava, School of Business Administration in Karviná 2025
Edition:1st Edition
Subjects:
Tags: Add Tag
No Tags, Be the first to tag this record!

MARC

LEADER 00000nlm a2200000 4500
001 0308245
005 20250423142452.5
020 |a 978-80-7510-601-8 
041 0 |a eng 
044 |a CZ 
245 1 0 |a Karviná Ph.D. Conference on Business and Economics  |b Proceedings of 14th International Scientific Conference : November 7 - 8, 2024, Horní Lomná, Czech Republic 
250 |a 1st Edition 
264 1 |a Karviná  |b Silesian University in Opava, School of Business Administration in Karviná  |c 2025 
300 |a 46 s. 
610 2 0 |a podnikanie 
610 2 0 |a ekonómia 
610 2 0 |a výdavky domácností 
610 2 0 |a návratnosť investícií 
610 2 0 |a koronavírus 
610 2 0 |a Big Data 
610 2 0 |a správanie spotrebiteľa 
610 2 0 |a výkonnosť finančná 
610 2 0 |a mzdy minimálne 
610 2 0 |a zdaňovanie 
610 2 0 |a kultúra podniková 
110 2 |a Karviná Ph.D. Conference on Business and Economics. International Scientific Conference